[Event "World ol U16"]
[Site "Nakhchivan"]
[Date "2022.10.08"]
[Round "7.6"]
[White "Triboi, Alexander"]
[Black "Amilal, Munkhdalai"]
[Result "0-1"]
[WhiteElo "2052"]
[BlackElo "2137"]
[PlyCount "76"]
[EventDate "2022.10.02"]
[EventType "team-swiss"]
[EventRounds "9"]
[EventCountry "AZE"]
[SourceTitle "CBM 210 Extra"]
[Source "ChessBase"]
[SourceDate "2022.11.30"]
[SourceVersion "1"]
[SourceVersionDate "2022.11.30"]
[SourceQuality "1"]
[WhiteTeam "Moldova"]
[BlackTeam "Mongolia"]
[WhiteTeamCountry "MDA"]
[BlackTeamCountry "MGL"]

1. d4 Nf6 2. c4 e6 3. g3 Bb4+ 4. Bd2 Qe7 5. Nf3 Bxd2+ 6. Qxd2 d5 7. Nc3 Nc6 8. Bg2 dxc4 9. 0-0 0-0 10. e4 Rd8 11. e5 Nd5 12. Ne4 b6 13. Rfd1 Na5 14. h4 Bb7 15. Qe2 Nb4 16. h5 h6 17. g4 Nd3 18. Qe3 Nxb2 19. Rd2 Nd3 20. g5 Bxe4 21. Qxe4 hxg5 22. Qg4 c5 23. Nxg5 Rxd4 24. Ne4 Nxe5 25. Qg3 Rxd2 26. Nxd2 Rd8 27. Ne4 Nac6 28. h6 Ng6 29. h7+ Kh8 30. Ng5 Nd4 31. Re1 Nf5 32. Qg4 Rd4 33. Be4 Nd6 34. Qg3 Nxe4 35. Nxe4 Kxh7 36. Ng5+ Kg8 37. Nxe6 Rd6 38. f4 Rxe6 0-1

[Event "Cattolica Halloween op"]
[Site "Cattolica"]
[Date "2021.10.27"]
[Round "1"]
[White "Enchev, Ivajlo"]
[Black "Triboi, Alexander"]
[Result "1-0"]
[WhiteElo "2471"]
[BlackElo "2083"]
[PlyCount "81"]
[EventDate "2021.10.27"]
[EventType "swiss"]
[EventRounds "9"]
[EventCountry "ITA"]
[SourceTitle "CBM 204 Extra"]
[Source "ChessBase"]
[SourceDate "2021.11.30"]
[SourceVersion "1"]
[SourceVersionDate "2021.11.30"]
[SourceQuality "1"]

1. d4 Nf6 2. c4 e6 3. Nf3 b6 4. g3 Bb7 5. Bg2 Be7 6. 0-0 0-0 7. Re1 a5 8. Nc3 Ne4 9. Bd2 Bf6 10. Qc2 Nxd2 11. Qxd2 d6 12. Rad1 Nd7 13. Qc2 Qc8 14. h4 e5 15. Nd5 Bxd5 16. cxd5 exd4 17. Bh3 Qd8 18. Bxd7 Qxd7 19. Kg2 Qb5 20. Qxc7 Qxd5 21. b3 b5 22. e4 Qc5 23. Rc1 Qa3 24. Rc6 Qxa2 25. Rxd6 Rac8 26. Qb7 Rc2 27. Rf1 Re2 28. Qd5 a4 29. e5 Be7 30. Rd7 Ba3 31. Nxd4 Rd2 32. e6 fxe6 33. Qxe6+ Kh8 34. Qe5 Rdxf2+ 35. Kh3 Rh2+ 36. Kg4 Rg8 37. Rff7 Qa1 38. Rxg7 Qd1+ 39. Kf5 Rf2+ 40. Ke6 Re8+ 41. Rge7+ 1-0

[Event "Villorba op 1st"]
[Site "Villorba"]
[Date "2021.06.29"]
[Round "7"]
[White "Triboi, Alexander"]
[Black "Torngren, Gustav"]
[Result "1/2-1/2"]
[WhiteElo "1966"]
[BlackElo "2243"]
[PlyCount "79"]
[EventDate "2021.06.25"]
[EventType "swiss"]
[EventRounds "9"]
[EventCountry "ITA"]
[SourceTitle "CBM 203 Extra"]
[Source "ChessBase"]
[SourceDate "2021.09.30"]
[SourceVersion "1"]
[SourceVersionDate "2021.09.30"]
[SourceQuality "1"]

1. e4 b6 2. d4 Bb7 3. Bd3 e6 4. Nf3 c5 5. c3 Nf6 6. e5 Nd5 7. a3 cxd4 8. cxd4 Be7 9. 0-0 0-0 10. Bd2 d6 11. Nc3 Nd7 12. Nxd5 Bxd5 13. Bc3 dxe5 14. dxe5 Qc7 15. Qc2 Bxf3 16. gxf3 Nxe5 17. Bxh7+ Kh8 18. Be4 Rac8 19. Rac1 f5 20. f4 Ng6 21. Bg2 Qxf4 22. Qe2 Bd6 23. Qh5+ Kg8 24. Rcd1 Bb8 25. Rd3 Qg4 26. Qxg4 fxg4 27. Rd7 Rf7 28. Rfd1 Ne5 29. Rd8+ Rf8 30. Rxc8 Rxc8 31. Re1 Rc5 32. Bd4 Nd3 33. Rxe6 Rc1+ 34. Bf1 Bxh2+ 35. Kxh2 Rxf1 36. Re7 Kf8 37. Rd7 g5 38. Kg2 Rb1 39. Bxb6 Rxb2 40. Be3 1/2-1/2

[Event "Villorba op 1st"]
[Site "Villorba"]
[Date "2021.06.25"]
[Round "1"]
[White "Triboi, Alexander"]
[Black "Lodici, Lorenzo"]
[Result "0-1"]
[WhiteElo "1966"]
[BlackElo "2487"]
[PlyCount "58"]
[EventDate "2021.06.25"]
[EventType "swiss"]
[EventRounds "9"]
[EventCountry "ITA"]
[SourceTitle "CBM 203 Extra"]
[Source "ChessBase"]
[SourceDate "2021.09.30"]
[SourceVersion "1"]
[SourceVersionDate "2021.09.30"]
[SourceQuality "1"]

1. e4 e5 2. Nf3 Nc6 3. Bb5 a6 4. Ba4 d6 5. d4 Bd7 6. 0-0 Nf6 7. d5 Ne7 8. Bxd7+ Nxd7 9. c4 g6 10. Nc3 h6 11. Ne1 Bg7 12. Nd3 0-0 13. f4 exf4 14. Bxf4 g5 15. Bd2 f5 16. exf5 Nxf5 17. Qg4 Qf6 18. Ne2 Rae8 19. Bc3 Ne3 20. Bxf6 Nxg4 21. Bxg7 Rxf1+ 22. Kxf1 Nxh2+ 23. Kf2 Ng4+ 24. Kf3 Kxg7 25. Nd4 Re3+ 26. Kxg4 Re4+ 27. Kf5 Rxd4 28. Re1 Kf7 29. Re3 Nc5 0-1

[Event "Cattolica op-A 8th"]
[Site "Cattolica"]
[Date "2021.05.27"]
[Round "1"]
[White "Triboi, Alexander"]
[Black "Pasini, Nicolo"]
[Result "1/2-1/2"]
[WhiteElo "1966"]
[BlackElo "2233"]
[PlyCount "109"]
[EventDate "2021.05.27"]
[EventType "swiss"]
[EventRounds "9"]
[EventCountry "ITA"]
[SourceTitle "CBM 203 Extra"]
[Source "ChessBase"]
[SourceDate "2021.09.30"]
[SourceVersion "1"]
[SourceVersionDate "2021.09.30"]
[SourceQuality "1"]

1. e4 c5 2. Nf3 Nc6 3. Bb5 g6 4. 0-0 Bg7 5. Re1 Nf6 6. e5 Nd5 7. Nc3 Nc7 8. Bxc6 dxc6 9. Ne4 Ne6 10. d3 b6 11. Be3 h6 12. Qd2 Qc7 13. Ng3 Nf8 14. h3 Be6 15. c4 Nd7 16. d4 Bxc4 17. dxc5 Nxc5 18. Bxc5 bxc5 19. Qc3 Bd5 20. Ne4 0-0 21. Qxc5 Rab8 22. Rac1 Bxe4 23. Rxe4 Rxb2 24. Nd4 Rxa2 25. Nxc6 Re8 26. Qd5 Rb2 27. e6 fxe6 28. Rxe6 Kh8 29. Qe4 Rf8 30. Rf1 Qf4 31. Nxe7 Qxe4 32. Rxe4 Rf6 33. f4 Rd6 34. f5 gxf5 35. Nxf5 Rd7 36. Rfe1 Bc3 37. Re8+ Kh7 38. R1e6 Bd2 39. g4 a5 40. R8e7+ Rxe7 41. Rxe7+ Kg6 42. Re6+ Kg5 43. Rxh6 Kf4 44. Rc6 Kf3 45. Nd4+ Kg3 46. Kf1 a4 47. Ke2 a3 48. Ra6 a2 49. Ra3+ Kf4 50. Kd3 Bb4 51. Ra4 Kg3 52. g5 Kxh3 53. g6 Rg2 54. g7 Rxg7 55. Rxa2 1/2-1/2

[Event "Sitges Sunway online op"]
[Site "Chess.com INT"]
[Date "2020.04.26"]
[Round "8"]
[White "Triboi, Alexander"]
[Black "Thrish, Karthik"]
[Result "1/2-1/2"]
[WhiteElo "1981"]
[BlackElo "2095"]
[PlyCount "91"]
[EventDate "2020.04.19"]
[EventType "swiss"]
[EventRounds "9"]
[EventCountry "ESP"]
[SourceTitle "EXT 2021"]
[Source "ChessBase"]
[SourceDate "2020.10.23"]
[SourceVersion "1"]
[SourceVersionDate "2020.10.23"]
[SourceQuality "1"]

1. e4 e6 2. d4 d5 3. Nc3 Nc6 4. Nf3 Nf6 5. e5 Ne4 6. Bd3 Bb4 7. 0-0 Nxc3 8. bxc3 Bxc3 9. Rb1 Bb4 10. Ng5 Be7 11. Qh5 g6 12. Qh6 Bf8 13. Qh3 h6 14. c3 Bg7 15. Nf3 b6 16. Nh4 Ne7 17. g4 g5 18. Ng2 f6 19. Qh5+ Kd7 20. f4 Qe8 21. fxg5 Qxh5 22. gxh5 fxg5 23. Rf7 Bf8 24. Ba3 Ke8 25. Rbf1 Nf5 26. Rxf8+ Rxf8 27. Bxf8 Kxf8 28. Ne3 Kg7 29. Bxf5 exf5 30. Nxd5 Bb7 31. Nxc7 Rc8 32. Nb5 Bd5 33. Rxf5 Bxa2 34. Rf2 Be6 35. Rf6 Bg4 36. d5 Rc5 37. c4 Rxc4 38. Nxa7 Rc5 39. Rd6 Bf3 40. Rd7+ Kf8 41. d6 Rxe5 42. Rh7 Ke8 43. Kf2 g4 44. Rxh6 Kd7 45. Kg3 Rf5 46. h3 1/2-1/2

[Event "Venice Autumn op 26th"]
[Site "Venice"]
[Date "2019.11.01"]
[Round "1"]
[White "Locci, Damiano"]
[Black "Triboi, Alexander"]
[Result "1-0"]
[WhiteElo "2218"]
[BlackElo "2008"]
[PlyCount "103"]
[EventDate "2019.11.01"]
[EventType "swiss"]
[EventRounds "5"]
[EventCountry "ITA"]
[SourceTitle "CBM 192 Extra"]
[Source "Chessbase"]
[SourceDate "2019.11.06"]
[SourceVersion "1"]
[SourceVersionDate "2019.11.06"]
[SourceQuality "1"]

1. c4 Nf6 2. Nc3 e6 3. e4 d5 4. e5 d4 5. exf6 dxc3 6. bxc3 Qxf6 7. Nf3 c5 8. d4 h6 9. Bd3 Nc6 10. Bb2 cxd4 11. cxd4 Bb4+ 12. Kf1 0-0 13. Rb1 Qe7 14. Qe2 Ba3 15. Be4 Bxb2 16. Rxb2 Qf6 17. Bxc6 bxc6 18. c5 Rd8 19. h3 e5 20. dxe5 Qe7 21. Kg1 Qxc5 22. Kh2 Bf5 23. Rb7 Bd3 24. Qb2 Be4 25. Rc1 Qd5 26. Rc3 Re8 27. Re3 c5 28. Rbb3 Bxf3 29. gxf3 Red8 30. Kg2 c4 31. Rbc3 Rac8 32. Qc2 Re8 33. Qe4 Rc5 34. Qxd5 Rxd5 35. f4 Rd2 36. a3 Rd4 37. Kf3 Rb8 38. Rc2 Rb1 39. Rec3 Rd3+ 40. Kg2 Rxc3 41. Rxc3 Rb3 42. Rxc4 Rxa3 43. Rc8+ Kh7 44. f5 Ra6 45. Rf8 g6 46. f6 g5 47. Rxf7+ Kg8 48. Rg7+ Kf8 49. Kf3 Ra4 50. Ke3 Ra1 51. Ke4 Re1+ 52. Kf5 1-0